| 000 -LEADER |
| fixed length control field |
00400nam a2200145Ia 4500 |
| 003 - CONTROL NUMBER IDENTIFIER |
| control field |
OSt |
| 005 - DATE AND TIME OF LATEST TRANSACTION |
| control field |
20250630161601.0 |
| 008 - FIXED-LENGTH DATA ELEMENTS--GENERAL INFORMATION |
| fixed length control field |
250310s9999||||xx |||||||||||||| ||und|| |
| 040 ## - CATALOGING SOURCE |
| Transcribing agency |
. |
| 082 ## - DEWEY DECIMAL CLASSIFICATION NUMBER |
| Classification number |
600.03 |
| Item number |
B8724 |
| 100 ## - MAIN ENTRY--PERSONAL NAME |
| 9 (RLIN) |
6060 |
| Personal name |
Brooker, B E |
| 245 #0 - TITLE STATEMENT |
| Title |
Encyclopedia of technology and applied sciences vol 7 / |
| Statement of responsibility, etc. |
B E Brooker |
| 260 ## - PUBLICATION, DISTRIBUTION, ETC. |
| Place of publication, distribution, etc. |
New York : |
| Name of publisher, distributor, etc. |
Marshall Cavendish, |
| Date of publication, distribution, etc. |
2000. |
| 942 ## - ADDED ENTRY ELEMENTS (KOHA) |
| Koha item type |
Books |
| Source of classification or shelving scheme |
|